000 00540nam a22001937a 4500
003 OSt
005 20140310182149.0
008 130830t xxu||||| |||| 00| 0 eng d
050 _aB 1996
_b.K19 1995
082 _aHS 780.92
_bK15 1995
100 _aKasha, Al
_915670
245 _aJesus, hollywood and me /
_cAl Kasha and Joel Hirschhorn.
300 _a222 p. ;
_c20 cm.
650 _aComposers
_xBiography
_915671
650 _aAgoraphobia (Inspiring story)
_915672
700 _aHirschhorn, Joel
_915673
942 _2lcc
999 _c9981
_d9981